BIBLIOTECA PODER JUDICIAL
Portal Judicial TDF

El juicio ejecutivo y los títulos ejecutivos electrónicos/ (Registro nro. 5638)

000 -LEADER
fixed length control field 01249nab a22002417a 4500
003 - CONTROL NUMBER IDENTIFIER
control field OSt
005 - DATE AND TIME OF LATEST TRANSACTION
control field 20251226211932.0
008 - FIXED-LENGTH DATA ELEMENTS--GENERAL INFORMATION
fixed length control field 190603e xxum|||| |||| 00| 0 spa d
040 ## - CATALOGING SOURCE
Transcribing agency PJ
100 ## - MAIN ENTRY--PERSONAL NAME
9 (RLIN) 6311
Personal name Furundarena, Mariano D.
245 13 - TITLE STATEMENT
Title El juicio ejecutivo y los títulos ejecutivos electrónicos/
Statement of responsibility, etc Mariano Furundarena.
260 ## - PUBLICATION, DISTRIBUTION, ETC. (IMPRINT)
Date of publication, distribution, etc Ciudad Autónoma de Buenos Aires :
Place of publication, distribution, etc Thomson Reuters La Ley,
Name of publisher, distributor, etc 2025.
300 ## - PHYSICAL DESCRIPTION
Extent p. 10-20
500 ## - GENERAL NOTE
General note Cita: TR LALEY AR/DOC/1052/2025 <br/>Publicado en: RCCyC 2025 (junio) , 5.
505 ## - FORMATTED CONTENTS NOTE
Formatted contents note Sumario: I. Introducción.— II. El juicio ejecutivo y el título ejecutivo.— III. Título ejecutivo electrónico.— IV. Ejecución de títulos ejecutivos electrónicos.— V. La ejecución de títulos ejecutivos electrónicos en la jurisprudencia.— VI. Conclusión.
505 ## - FORMATTED CONTENTS NOTE
Title ¿Te interesa el texto completo? Solicitalo al correo: koha@justierradelfuego.gov.ar
650 #0 - SUBJECT ADDED ENTRY--TOPICAL TERM
9 (RLIN) 1497
Topical term or geographic name as entry element CODIGO CIVIL Y COMERCIAL
650 #0 - SUBJECT ADDED ENTRY--TOPICAL TERM
9 (RLIN) 2021
Topical term or geographic name as entry element JUICIO EJECUTIVO
650 #0 - SUBJECT ADDED ENTRY--TOPICAL TERM
9 (RLIN) 6228
Topical term or geographic name as entry element TÍTULOS EJECUTIVOS
650 #0 - SUBJECT ADDED ENTRY--TOPICAL TERM
9 (RLIN) 286
Topical term or geographic name as entry element COMERCIO ELECTRONICO
773 0# - HOST ITEM ENTRY
Host Biblionumber 2713
Host Itemnumber 3170
Place, publisher, and date of publication Ciudad Autónoma de Buenos Aires : Thomson Reuters La Ley, 2015-
Title Revista Código Civil y Comercial. Nº 3 - Junio 2025
942 ## - ADDED ENTRY ELEMENTS (KOHA)
Source of classification or shelving scheme
Koha item type Analítica Artículo de Revista

No hay ítems disponibles.

12 de Octubre 789 Ushuaia - Tel:  54(02901)441571
Horario de Atención: 8.00 a 17.00 hs. 
bibliotecaush@justierradelfuego.gov.ar
koha@justierradelfuego.gov.ar
Seguinos en nuestras redes @bibliojustdf 

Con tecnología Koha